Géographie et noms - Statistiques

Statistiques générales
  • Ce quiz a été pris 19 fois
  • Le résultat moyen est 4 sur 15
Statistiques - réponses
Hint Réponse % Correct
Robert Charle.... bois
63%
...In Firth col
63%
..... ts'Gump forêt
63%
Fanny ....tençon côte
47%
Al ...one cap
42%
Pénélope...z crue
37%
.... sel et Gretel anse
32%
.... Gardner aval
26%
....bert (chanteur des Forbans) baie
16%
----- Hepburn adret
11%
An----- France atoll
5%
Louis de ....nès flux
5%
Hopital ......ais brousse
0%
..... Butler crête
0%
......tophe lambert crique
0%
Aucun quiz correspondant
Distribution des résultats
% des personnes avec chaque résultat
Percentile par nombre de réponses
Votre historique - résultats
Vous n’avez pas pris ce quiz